Liste noire européenne des paradis fiscaux - Statistiques

Statistiques générales
  • Ce quiz a été pris 19 fois
  • Le résultat moyen est 2 sur 11
Statistiques - réponses
pays % Correct
Panama
68%
Russie
42%
Fidji
26%
Palaos
26%
Vanuatu
26%
Samoa
16%
Trinité-et-Tobago
16%
Anguilla
5%
Guam
5%
Îles Vierges américaines
5%
Samoa américaines
5%
Aucun quiz correspondant
Distribution des résultats
% des personnes avec chaque résultat
Percentile par nombre de réponses
Votre historique - résultats
Vous n’avez pas pris ce quiz